[Event "38th Olympiad"]
[Site "Dresden GER"]
[Date "2008.11.22"]
[Round "9"]
[White "Miezis,N"]
[Black "Amir,K"]
[Result "1-0"]
[WhiteElo "2552"]
[BlackElo "2265"]
[EventDate "2008.11.13"]

1. c4 Nf6 2. Nc3 e5 3. g3 Bb4 4. Bg2 O-O 5. e4 Bxc3 6. dxc3 d6 7. Qe2 Nbd7
8. Nf3 Nc5 9. Nd2 a6 10. O-O b5 11. Rd1 Be6 12. b3 Qe8 13. f3 Qc6 14. Bf1
Rfb8 15. Qe3 Nfd7 16. Ba3 Nb6 17. f4 exf4 18. gxf4 Re8 19. Bxc5 dxc5 20.
cxb5 axb5 21. Bg2 Rad8 22. Nf1 f6 23. Ng3 c4 24. b4 Na4 25. f5 Bc8 26. e5
Qb6 27. Qxb6 cxb6 28. Bc6 Nxc3 29. Rdc1 Nd5 30. Bxe8 Rxe8 31. e6 Nxb4 32.
Rab1 Nd3 33. Rc3 Ba6 34. Ra3 Nc5 35. Ne2 g6 36. Nc3 gxf5 37. Nd5 Rxe6 38.
Nc7 b4 39. Rg3+ Kf7 40. Nxe6 Kxe6 41. Rxb4 b5 42. Rh3 f4 43. Rb1 Ke5 44.
Rxh7 f3 45. Kf2 Ne4+ 46. Ke3 Nc3 47. Ra1 Bc8 48. a3 Be6 49. Kxf3 Bd5+ 50.
Ke3 f5 51. Rf1 Be4 52. Re7+ Kf6 53. Rxe4 Nxe4 54. Kd4 Nd2 55. Rf2 Nb1 56.
Rb2 Nxa3 57. Kc3 Kg5 58. Kb4 c3 59. Rg2+ Kf4 60. Kxa3 Ke3 61. Kb3 1-0

[Event "38th Olympiad"]
[Site "Dresden GER"]
[Date "2008.11.22"]
[Round "9"]
[White "Ahmed,Has"]
[Black "Lanka,Z"]
[Result "0-1"]
[WhiteElo "2253"]
[BlackElo "2491"]
[EventDate "2008.11.13"]

1. d4 Nf6 2. c4 g6 3. g3 Bg7 4. Bg2 O-O 5. Nc3 d6 6. Nf3 a6 7. O-O Nc6 8.
d5 Na5 9. Nd2 c5 10. a3 Nd7 11. Qc2 Ne5 12. b3 b5 13. cxb5 axb5 14. Bb2 b4
15. Nd1 Ba6 16. f4 Ng4 17. Bxg7 Kxg7 18. Bf3 Nf6 19. Ne3 Qb6 20. Kg2 Bb5
21. Qb2 Kg8 22. Ra2 Ra7 23. Rfa1 Rfa8 24. g4 c4 25. Nexc4 Bxc4 26. Nxc4
Nxc4 27. bxc4 b3 28. Rb1 Rb8 29. Qd2 Nd7 30. Raa1 Ra4 31. Qc3 Nc5 32. f5
Nd7 33. fxg6 hxg6 34. e3 Nc5 35. h4 Qa6 36. Be2 Qa5 37. Qd4 Qd8 38. h5 Qf8
39. hxg6 fxg6 40. Bd1 Qg7 41. Rb2 Rxc4 42. Qxg7+ Kxg7 43. g5 Rc3 44. a4 Nd3
0-1

[Event "38th Olympiad"]
[Site "Dresden GER"]
[Date "2008.11.22"]
[Round "9"]
[White "Eid,Fa"]
[Black "Sammalvuo,T"]
[Result "0-1"]
[WhiteElo "2390"]
[BlackElo "2464"]
[EventDate "2008.11.13"]

1. e4 e5 2. Nf3 Nf6 3. Nxe5 d6 4. Nf3 Nxe4 5. Nc3 Nxc3 6. dxc3 Be7 7. Bf4
Nd7 8. Qd2 Nc5 9. O-O-O O-O 10. Bd3 Bg4 11. h4 Bxf3 12. gxf3 Nxd3+ 13. Qxd3
Qd7 14. Kb1 Rae8 15. Rdg1 Bf6 16. a3 Re6 17. Bg5 Qe7 18. f4 Re8 19. f5 Re4
20. f3 Re5 21. f4 Re4 22. Qb5 Bxg5 23. hxg5 Rxf4 24. g6 c6 25. Qd3 Re4 26.
Rxh7 fxg6 27. Qh3 Re1+ 28. Rxe1 Qxe1+ 29. Ka2 Qe5 30. Rh8+ Kf7 31. fxg6+
Kxg6 32. Qg2+ Kf7 33. Rxe8 Kxe8 34. Qg4 Kd8 35. Qg1 a6 36. Qg4 g5 37. b4
Qf4 38. Qe6 g4 39. Kb2 g3 40. a4 Kc7 41. a5 Kb8 42. Qe8+ Ka7 43. Qd8 Qe3
0-1

[Event "38th Olympiad"]
[Site "Dresden GER"]
[Date "2008.11.22"]
[Round "9"]
[White "Somoff,A"]
[Black "Lehtinen,H"]
[Result "0-1"]
[WhiteElo "2282"]
[BlackElo "2381"]
[EventDate "2008.11.13"]

1. e4 g6 2. d4 Bg7 3. c4 d6 4. Nc3 e5 5. dxe5 dxe5 6. Qxd8+ Kxd8 7. Be3 Be6
8. O-O-O+ Nd7 9. b3 Bh6 10. Bxh6 Nxh6 11. f3 c6 12. h4 f6 13. Nh3 Ke7 14.
Nf2 Nf7 15. Nd3 b6 16. h5 g5 17. g4 Nd6 18. Kb2 a5 19. a4 Rab8 20. Ne1 Nc5
21. Nd3 Na6 22. Rh2 Rhd8 23. Nc1 Nc5 24. Rhd2 Bf7 25. Kc2 Ne6 26. N1e2 Rb7
27. Ra1 Nc5 28. Nd1 b5 29. axb5 cxb5 30. Ne3 bxc4 31. bxc4 Nb3 32. Rdd1
Nxa1+ 33. Rxa1 Nxc4 34. Nf5+ Kf8 35. Nc1 Rc7 36. Bd3 a4 37. Ng3 Na5+ 38.
Kb2 0-1

[Event "38th Olympiad"]
[Site "Dresden GER"]
[Date "2008.11.22"]
[Round "9"]
[White "Esenov,An"]
[Black "Smerdon,D"]
[Result "0-1"]
[WhiteElo "2319"]
[BlackElo "2470"]
[EventDate "2008.11.13"]

1. e4 c5 2. Nf3 d6 3. d4 cxd4 4. Nxd4 Nf6 5. Nc3 g6 6. Be3 Bg7 7. f3 O-O 8.
Qd2 Nc6 9. Bc4 Bd7 10. O-O-O Rc8 11. Bb3 Nxd4 12. Bxd4 b5 13. e5 dxe5 14.
Bxe5 Bc6 15. Qg5 Qb6 16. Bd4 Qb7 17. h4 a5 18. a3 b4 19. axb4 axb4 20. Nb1
Qa6 21. h5 Ba4 22. Bxa4 Qxa4 23. Rd2 Rfd8 24. Qe3 Ng4 25. fxg4 Bxd4 26. Qe4
Qb3 27. Nc3 Qc4 28. hxg6 hxg6 29. Rxd4 Qxd4 30. Qxd4 Rxd4 31. Nd1 Ra8 32.
Kb1 Rxg4 33. Ne3 Re4 34. Rh3 Kg7 35. b3 Rc8 36. Kc1 Rc3 37. Kd2 f5 38. Rf3
e6 39. Nc4 Rd4+ 40. Kc1 Rxf3 41. gxf3 g5 42. Ne5 g4 43. fxg4 fxg4 44. c3
bxc3 45. Kc2 g3 46. Kxc3 Re4 0-1

[Event "38th Olympiad"]
[Site "Dresden GER"]
[Date "2008.11.22"]
[Round "9"]
[White "Iturrizaga,E"]
[Black "Kobese,W"]
[Result "0-1"]
[WhiteElo "2538"]
[BlackElo "2369"]
[EventDate "2008.11.13"]

1. Nf3 d5 2. d4 Nc6 3. e3 Bg4 4. Be2 e6 5. O-O Nf6 6. c4 Be7 7. Nc3 O-O 8.
cxd5 exd5 9. Qb3 a6 10. Bd2 Ne4 11. Be1 Be6 12. Bd3 Nb4 13. Bb1 c5 14. dxc5
a5 15. Nd4 Nxc5 16. Qd1 Nc6 17. Nxe6 fxe6 18. Ne2 g6 19. Nf4 Bg5 20. g3 Qe7
21. a3 Bf6 22. Ra2 a4 23. Bc2 g5 24. Nd3 b5 25. Nxc5 Qxc5 26. Bb1 Qc4 27.
Ra1 Qc5 28. Bd3 Rf7 29. Rc1 Qb6 30. Qe2 Rc7 31. f4 Nd4 32. Qh5 Ne2+ 33.
Bxe2 Rxc1 34. Kg2 Qxe3 35. Bf2 Qe4+ 36. Bf3 Qc2 37. Bd1 Qg6 38. Qh3 Bxb2
39. Bh5 Qe4+ 40. Bf3 Qg6 41. f5 Qf6 42. Rxc1 Bxc1 43. Qg4 Rf8 44. fxe6
Qxf3+ 45. Qxf3 Rxf3 46. Kxf3 Bxa3 47. Kg4 Be7 0-1

[Event "38th Olympiad"]
[Site "Dresden GER"]
[Date "2008.11.22"]
[Round "9"]
[White "Solomon,K"]
[Black "Alvarez Marquez,J"]
[Result "1/2-1/2"]
[WhiteElo "2337"]
[BlackElo "2430"]
[EventDate "2008.11.13"]

1. d4 d5 2. Nf3 c6 3. c4 e6 4. Nbd2 f5 5. g3 Nf6 6. Bg2 Bd6 7. O-O O-O 8.
Ne5 Qe7 9. Ndf3 Bd7 10. Qb3 b6 11. Bf4 Be8 12. Rac1 Ne4 13. h4 h6 14. cxd5
cxd5 15. Nd3 Nc6 16. Bxd6 Qxd6 17. Qc2 Rc8 18. Qd1 Bh5 19. Nf4 Bf7 20. Qa4
g5 21. hxg5 hxg5 22. Nd3 Bh5 23. Rfe1 a5 24. Nde5 Nxe5 25. Nxe5 Rc7 26.
Rxc7 Qxc7 27. Qb3 Nd6 28. Qe3 Qe7 29. f4 gxf4 30. gxf4 Qh4 31. Rc1 Ne4 32.
Bxe4 fxe4 33. Qf2 Rxf4 34. Rc8+ Kh7 35. Qxh4 Rxh4 36. Rc7+ Kh6 37. e3 Rh3
38. Rc3 Bf3 39. Rb3 Kg5 40. Rxb6 Rh1+ 41. Kf2 Rh2+ 42. Kg3 Rg2+ 43. Kh3 Kf5
44. Rb7 Re2 45. Kh4 Rh2+ 46. Kg3 Rg2+ 47. Kh3 Re2 48. Kh4 1/2-1/2

[Event "38th Olympiad"]
[Site "Dresden GER"]
[Date "2008.11.22"]
[Round "9"]
[White "Cawdery,D"]
[Black "Sequera Paolini,J"]
[Result "0-1"]
[WhiteElo "2265"]
[BlackElo "2398"]
[EventDate "2008.11.13"]

1. e4 e6 2. d4 d5 3. Nd2 Nf6 4. e5 Ng8 5. Bd3 c5 6. c3 Nc6 7. Ne2 cxd4 8.
cxd4 Qb6 9. O-O Bd7 10. Nf3 Nge7 11. Nc3 Nxd4 12. Nxd4 Qxd4 13. Nb5 Qxe5
14. Qa4 d4 15. f4 Qc5 16. b4 Qb6 17. Bb2 Nd5 18. Qa5 Bxb4 19. Qxb6 axb6 20.
Bxd4 O-O 21. g3 Ra4 22. Rfd1 Rfa8 23. Bc4 Be7 24. Bxd5 Bxb5 25. Bxb7 Rb8
26. Rac1 Ba3 27. Rc7 Rd8 28. Rb1 Raxd4 29. Rxb5 Bc5 30. Kg2 Rd2+ 31. Kh3
Rxa2 32. Bg2 h5 33. Be4 g6 34. Rb1 Rdd2 35. Rh1 Kg7 36. Bc6 Kh6 37. Be4 f5
38. Bb1 Rab2 39. Rc6 Be3 40. Rcc1 e5 41. fxe5 Rxb1 42. e6 g5 0-1

[Event "38th Olympiad"]
[Site "Dresden GER"]
[Date "2008.11.22"]
[Round "9"]
[White "Pazos Gambarrotti,P"]
[Black "Gonzalez,Be CRC"]
[Result "0-1"]
[WhiteElo "2327"]
[BlackElo "2432"]
[EventDate "2008.11.13"]

1. e4 c5 2. Nf3 g6 3. d4 Bg7 4. Nc3 cxd4 5. Nxd4 Nc6 6. Nb3 Nf6 7. Be2 O-O
8. O-O d6 9. Bg5 a6 10. Re1 b5 11. Bf1 Re8 12. Qd2 Bb7 13. h3 Ne5 14. Nd5
Nxd5 15. exd5 Nc4 16. Bxc4 bxc4 17. Nd4 Qd7 18. Nf3 Rac8 19. Re3 Rc5 20.
Rae1 f6 21. Bh4 Bxd5 22. b4 cxb3 23. axb3 Bh6 24. Bxf6 Bxf3 25. gxf3 Bxe3
26. Qxe3 Qxh3 27. Bd4 Rh5 28. Qe6+ Qxe6 29. Rxe6 Rd5 30. Re4 Kf7 31. Be3
Rc8 32. c4 Rd1+ 33. Kg2 Rb1 34. Bg5 Rc7 35. c5 Rxc5 36. Bxe7 Rf5 0-1

[Event "38th Olympiad"]
[Site "Dresden GER"]
[Date "2008.11.22"]
[Round "9"]
[White "Macias Murillo,B"]
[Black "Hernandez Basante,F"]
[Result "1/2-1/2"]
[WhiteElo "2333"]
[BlackElo "2247"]
[EventDate "2008.11.13"]

1. e4 c5 2. Nf3 g6 3. d4 cxd4 4. Nxd4 Nc6 5. Nc3 Bg7 6. Be3 d6 7. Qd2 Nf6
8. f3 O-O 9. Bc4 Nd7 10. O-O-O Nb6 11. Bb3 Na5 12. h4 Nbc4 13. Qd3 Nxb3+
14. cxb3 Nxe3 15. Qxe3 Bd7 16. g4 Qa5 17. Kb1 Bc6 18. h5 Qc5 19. Nce2 Bb5
20. Qd2 Bxe2 21. Nxe2 Rac8 22. Nf4 e6 23. hxg6 hxg6 24. Qh2 Rfd8 25. Nd3
Qe3 26. Qg2 Rc7 27. Rhe1 Qb6 28. f4 Rdc8 29. Rd2 a5 30. f5 a4 31. bxa4 Qa5
32. Red1 Qxa4 33. Rc1 Rxc1+ 34. Nxc1 Be5 35. Rc2 Rxc2 36. Qxc2 Qxc2+ 37.
Kxc2 gxf5 38. gxf5 exf5 39. exf5 Kg7 40. Nb3 b6 41. Nd2 d5 42. Nf1 Kf6 43.
Ne3 d4 44. Nd5+ Kxf5 45. Nxb6 Ke4 46. Nc4 d3+ 47. Kd2 Bc7 48. b4 Kd4 49.
Nb2 Bf4+ 50. Kd1 Kc3 51. Na4+ Kxb4 52. Nb6 Ka3 53. Nd5 Bg5 54. Nc3 Kb4 55.
Ne4 Be3 56. Nd6 f6 57. a3+ Kb3 58. a4 Kxa4 59. Nc4 Bg5 60. Nb2+ Kb3 61.
Nxd3 Kc3 62. Ke2 Kd4 63. Nf2 Bh4 64. Nd1 Ke4 65. Nc3+ Kd4 66. Nd1 f5 67.
Ne3 Ke4 68. Nxf5 1/2-1/2

[Event "38th Olympiad"]
[Site "Dresden GER"]
[Date "2008.11.22"]
[Round "9"]
[White "Nezad,H"]
[Black "Rodgaard,J"]
[Result "1/2-1/2"]
[WhiteElo "2401"]
[BlackElo "2383"]
[EventDate "2008.11.13"]

1. e4 e6 2. d4 d5 3. Nd2 Nf6 4. e5 Nfd7 5. Bd3 c5 6. c3 Nc6 7. Ne2 cxd4 8.
cxd4 f6 9. exf6 Nxf6 10. Nf3 Bd6 11. O-O Qc7 12. Bg5 O-O 13. Rc1 Nh5 14.
Ng3 Nf4 15. Bb1 Bd7 16. Qc2 g6 17. Qc3 Rf7 18. Qe3 Raf8 19. Nd2 e5 20. Nb3
Ne6 21. Bh6 exd4 22. Qd2 Bf4 23. Bxf4 Qxf4 24. Qxf4 Rxf4 25. Rcd1 Kf7 26.
Ne2 Rf6 27. Nexd4 Nexd4 28. Nxd4 Nxd4 29. Rxd4 Bc6 30. f3 Ke7 31. Rfd1 Rf4
32. R4d2 R4f6 33. Kf2 Re6 34. a3 Re5 35. h4 Rf6 36. b4 a6 37. Rd4 h6 38.
Rg4 g5 39. hxg5 hxg5 40. Rh1 Bd7 41. Rd4 Be6 42. Rh5 Kd6 43. Rh7 Rf7 44.
Rh1 Rc7 45. g3 Rc3 46. Rd3 Rxd3 47. Bxd3 d4 48. Rh6 Kd7 49. Rh7+ Kc6 50.
Rh6 Kd7 51. Rh7+ Kc6 52. Rg7 Bd5 53. a4 Bxf3 54. b5+ Kd6 55. Rg6+ Kc5 56.
bxa6 bxa6 57. Rxa6 Re3 1/2-1/2

[Event "38th Olympiad"]
[Site "Dresden GER"]
[Date "2008.11.22"]
[Round "9"]
[White "Andreasen,Jo"]
[Black "Al Hitmi,M"]
[Result "1-0"]
[WhiteElo "2179"]
[BlackElo "2161"]
[EventDate "2008.11.13"]

1. d4 Nf6 2. c4 e6 3. Nc3 Bb4 4. g3 c5 5. Nf3 cxd4 6. Nxd4 Ne4 7. Bd2 Nxd2
8. Qxd2 a6 9. Bg2 O-O 10. O-O Qc7 11. a3 Be7 12. Rac1 d6 13. Rfd1 Rd8 14.
h4 Nd7 15. Nf5 Bf8 16. Nxd6 Ne5 17. Ndb5 Rxd2 18. Nxc7 Rxd1+ 19. Rxd1 Rb8
20. Ne8 Nxc4 21. b3 Nxa3 22. Rd8 g6 23. Ne4 Be7 24. N8f6+ Kg7 25. Rg8+ Kh6
26. g4 1-0

[Event "38th Olympiad"]
[Site "Dresden GER"]
[Date "2008.11.22"]
[Round "9"]
[White "Bakr,J"]
[Black "Galego,L"]
[Result "1/2-1/2"]
[WhiteElo "2338"]
[BlackElo "2484"]
[EventDate "2008.11.13"]

1. d4 Nf6 2. Nf3 d6 3. g3 Nbd7 4. c4 e5 5. Bg2 g6 6. O-O Bg7 7. e3 O-O 8.
b3 Nh5 9. a4 e4 10. Nfd2 f5 11. b4 c5 12. Nb3 cxb4 13. a5 Qc7 14. Qe2 b6
15. a6 Nb8 16. f3 Bxa6 17. Rxa6 Nxa6 18. c5 bxc5 19. Qxa6 c4 20. Na5 d5 21.
Qe6+ Qf7 22. Qd6 Rfd8 23. Qxb4 Rab8 24. Qc3 Rxb1 25. fxe4 dxe4 26. Bxe4 Rb5
27. Nc6 Re8 28. Bf3 Kh8 29. Bd2 Nf6 30. Ne5 Rbxe5 31. dxe5 Nd7 32. Qa5 Nxe5
33. Bd5 Qe7 34. Rb1 Qd8 35. Rb7 Qxa5 36. Bxa5 a6 37. Ra7 Ng4 38. Bxc4 Nxe3
39. Bxa6 Ng4 40. Rd7 Bf6 41. Rc7 Re4 42. Rc8+ Kg7 43. Bd2 Rd4 44. Rc7+ Kf8
45. Bc1 Ra4 46. Bb5 Ra1 47. h3 Ne5 48. Kf2 Ra2+ 49. Kf1 g5 50. Rxh7 Rc2 51.
Be3 Rc3 52. Ke2 Nf7 53. Bd3 Be5 54. Bxf5 Bxg3 55. Be6 Rc7 56. Bb6 Re7 57.
Bc5 Nd6 1/2-1/2

[Event "38th Olympiad"]
[Site "Dresden GER"]
[Date "2008.11.22"]
[Round "9"]
[White "Pereira,Rub"]
[Black "Hakki,I"]
[Result "1-0"]
[WhiteElo "2437"]
[BlackElo "2422"]
[EventDate "2008.11.13"]

1. e4 c5 2. Nf3 d6 3. d4 cxd4 4. Nxd4 Nf6 5. Nc3 g6 6. Bc4 Bg7 7. h3 O-O 8.
Bb3 Nc6 9. Be3 Na5 10. O-O b6 11. Nd5 Bb7 12. Bg5 e6 13. Nc3 h6 14. Bh4 g5
15. Bg3 Nxb3 16. axb3 Nxe4 17. Nxe4 Bxe4 18. Nb5 d5 19. c3 e5 20. Re1 a6
21. Na3 Re8 22. c4 b5 23. f3 Bf5 24. cxd5 e4 25. fxe4 Bxe4 26. d6 Qd7 27.
Qd2 f5 28. Rac1 Rac8 29. Bf2 Kh7 30. b4 Be5 31. Rxc8 Rxc8 32. Bc5 a5 33.
Kh1 axb4 34. Bxb4 Rd8 35. Rd1 f4 36. Kg1 Qf5 37. Qf2 h5 38. Nxb5 f3 39. Nd4
Bxd4 40. Qxd4 fxg2 41. Re1 Bf3 1-0

[Event "38th Olympiad"]
[Site "Dresden GER"]
[Date "2008.11.22"]
[Round "9"]
[White "Gundavaa,B"]
[Black "Baburin,A"]
[Result "1-0"]
[WhiteElo "2458"]
[BlackElo "2544"]
[EventDate "2008.11.13"]

1. e4 Nf6 2. e5 Nd5 3. d4 d6 4. c4 Nb6 5. exd6 exd6 6. h3 Be7 7. Nf3 Bf5 8.
Be2 O-O 9. O-O Bf6 10. Nc3 h6 11. Qb3 Nc6 12. Be3 a5 13. Rac1 a4 14. Qd1
Re8 15. Re1 Qd7 16. Nh2 Na5 17. b3 axb3 18. axb3 Bg5 19. Nf1 Qd8 20. d5 c6
21. dxc6 bxc6 22. Bf3 Bf6 23. Ng3 Bg6 24. Nce4 Be5 25. Nd2 d5 26. c5 d4 27.
cxb6 dxe3 28. Rxe3 Qxb6 29. Qe2 Rad8 30. Ndf1 f6 31. Bh5 Bxh5 32. Qxh5 Kh7
33. Nf5 Qb4 34. N1g3 Qf4 35. Qf7 Rg8 36. Ne7 Qg5 37. Nxg8 Rxg8 38. Rd1 Rb8
39. Rd7 Qg6 40. Qe6 Re8 41. Qg4 Qb1+ 42. Kh2 f5 43. Qh5 Re6 44. Qf7 1-0

[Event "38th Olympiad"]
[Site "Dresden GER"]
[Date "2008.11.22"]
[Round "9"]
[White "Kelly,B"]
[Black "Hatanbaatar,B"]
[Result "1-0"]
[WhiteElo "2488"]
[BlackElo "2375"]
[EventDate "2008.11.13"]

1. c4 c5 2. Nc3 Nc6 3. g3 g6 4. Bg2 Bg7 5. a3 e5 6. Rb1 a5 7. d3 Nge7 8.
Nf3 O-O 9. O-O d6 10. Ne1 Bg4 11. Nc2 Qd7 12. b4 axb4 13. axb4 cxb4 14.
Nxb4 Rab8 15. Re1 Nd4 16. Bg5 Nec6 17. Nbd5 f6 18. Bd2 h6 19. f3 Be6 20. e3
Nf5 21. Qe2 Kh7 22. Rb6 h5 23. Qf2 Nfe7 24. f4 exf4 25. gxf4 Nf5 26. Reb1
Nd8 27. Nb5 Nf7 28. Nbc7 Bxd5 29. Nxd5 Nd8 30. Bb4 Nf7 31. Bc3 Nd8 32. h3
Ne6 33. e4 Nh6 34. Qh4 f5 35. e5 dxe5 36. Bxe5 Bxe5 37. fxe5 Kg7 38. Rd6
Qf7 39. Qf6+ Qxf6 40. exf6+ Kf7 41. Rd7+ Kg8 42. Re1 Ng5 43. Ne7+ Kh7 44.
Nc6+ Kh8 45. Nxb8 Rxb8 46. Rg7 Rg8 47. Ree7 h4 48. Rxg8+ Kxg8 49. Rxb7 f4
50. c5 f3 51. c6 Nf5 52. c7 Nd6 53. Rb6 fxg2 54. Rxd6 1-0

[Event "38th Olympiad"]
[Site "Dresden GER"]
[Date "2008.11.22"]
[Round "9"]
[White "Cekro,E"]
[Black "Canda,D"]
[Result "1-0"]
[WhiteElo "2419"]
[BlackElo "2289"]
[EventDate "2008.11.13"]

1. c4 e5 2. g3 Nc6 3. Bg2 f5 4. Nc3 d6 5. d3 g6 6. e4 Nf6 7. Nge2 Bg7 8.
O-O O-O 9. h3 Be6 10. Nd5 Qd7 11. Kh2 Rae8 12. Be3 b6 13. Rc1 Nd8 14. exf5
gxf5 15. Nxf6+ Rxf6 16. d4 c5 17. dxe5 dxe5 18. Qxd7 Bxd7 19. Rfd1 Be6 20.
a3 Rf7 21. Bg5 Nb7 22. Bc6 Rc8 23. Bd5 Bxd5 24. Rxd5 Re8 25. Bd2 Nd8 26.
Nc3 Ne6 27. Nb5 Nc7 28. Nxc7 Rxc7 29. Bc3 Rce7 30. Re1 h6 31. a4 Kh7 32. a5
Kg6 33. Kg2 Bf6 34. Rd6 Re6 35. Rd7 R8e7 36. Red1 Kf7 37. R7d5 Kg6 38. Rd7
Kf7 39. R1d5 Rxd7 40. Rxd7+ Re7 41. Rd5 Ke6 42. Rd8 e4 43. axb6 axb6 44.
Rb8 Bxc3 45. Rxb6+ Ke5 46. bxc3 Re6 47. Rb5 Rc6 48. Rb8 Ra6 49. Rc8 Kd6 50.
Rd8+ Ke6 51. Re8+ Kd6 52. g4 fxg4 53. hxg4 Ra3 54. Rxe4 Rxc3 55. f3 Rc1 56.
f4 Rc2+ 57. Kg3 Rc1 58. f5 Rg1+ 59. Kf2 Ra1 60. Re6+ Kd7 61. Rxh6 Rc1 62.
Re6 Rxc4 63. Kf3 Rc1 64. Kf4 c4 65. Kg5 c3 66. Re2 c2 67. f6 Kd6 68. Rf2
Kd5 1-0

[Event "38th Olympiad"]
[Site "Dresden GER"]
[Date "2008.11.22"]
[Round "9"]
[White "Espinoza,F"]
[Black "Gulbas,C"]
[Result "1-0"]
[WhiteElo "2243"]
[BlackElo "2371"]
[EventDate "2008.11.13"]

1. e4 c5 2. Nf3 e6 3. d4 cxd4 4. Nxd4 Nc6 5. Nxc6 bxc6 6. Bd3 Nf6 7. O-O d5
8. Nd2 Be7 9. b3 O-O 10. Bb2 Re8 11. c4 Bb7 12. Qe2 Qb6 13. Kh1 c5 14. e5
Nd7 15. f4 d4 16. Ne4 Nf8 17. Ng5 Bxg5 18. fxg5 Qc6 19. Rf2 Rad8 20. Raf1
Rd7 21. Bc1 a5 22. h4 a4 23. h5 axb3 24. axb3 Qb6 25. g6 hxg6 26. hxg6 Nxg6
27. Bxg6 fxg6 28. Qg4 Qxb3 29. Qxg6 Rde7 30. Kg1 Ra8 31. Rf7 Rxf7 32. Rxf7
1-0

[Event "38th Olympiad"]
[Site "Dresden GER"]
[Date "2008.11.22"]
[Round "9"]
[White "Saiboulatov,D"]
[Black "Bravo,Will"]
[Result "1/2-1/2"]
[WhiteElo "2360"]
[BlackElo "2157"]
[EventDate "2008.11.13"]

1. e4 e5 2. Nf3 Nc6 3. Bb5 a6 4. Ba4 Nf6 5. O-O b5 6. Bb3 Be7 7. Re1 O-O 8.
h3 Bb7 9. d3 d6 10. a4 Na5 11. Ba2 bxa4 12. Nc3 c5 13. Bg5 Rb8 14. Nd2 Bc6
15. Qc1 Rb4 16. Nc4 Nxc4 17. Bxc4 Nh5 18. Bd2 h6 19. Nd5 Rb8 20. Nxe7+ Qxe7
21. b3 Kh7 22. bxa4 f5 23. Qd1 Qh4 24. f3 fxe4 25. dxe4 Bd7 26. Qe2 Rb2 27.
Rec1 Rf6 28. Qf2 Ng3 29. Kh2 Rg6 30. Bf7 Rf6 31. Qxg3 Qxg3+ 32. Kxg3 Rxf7
33. Bc3 Rb6 34. Rd1 Be6 35. a5 Rc6 36. Rab1 Rf6 37. Rb7 Bc4 38. Kf2 Bb5 39.
Ke3 Kg8 40. g3 Rc8 41. f4 exf4+ 42. gxf4 Rg6 43. Kf3 Re8 44. Rc7 d5 45.
Rxd5 Bf1 46. Re5 Bg2+ 47. Ke3 Rd8 48. Rexc5 Bxh3 49. Rd5 Rxd5 50. exd5 Bf5
51. Be5 Kf8 52. c4 h5 53. Rb7 h4 54. Rb2 h3 55. Rh2 Rg3+ 56. Kf2 Rd3 57.
Bf6 1/2-1/2

[Event "38th Olympiad"]
[Site "Dresden GER"]
[Date "2008.11.22"]
[Round "9"]
[White "Alfaro,W"]
[Black "Laurent,B"]
[Result "1-0"]
[WhiteElo "2200"]
[BlackElo "2370"]
[EventDate "2008.11.13"]

1. d4 Nf6 2. Nf3 c5 3. c4 cxd4 4. Nxd4 e5 5. Nf3 Bc5 6. Nc3 d6 7. e3 Nc6 8.
Be2 O-O 9. O-O h6 10. a3 a6 11. b4 Ba7 12. Bb2 Be6 13. Rc1 Rc8 14. Qd2 e4
15. Ne1 Ne5 16. Nd5 Bxd5 17. cxd5 Rxc1 18. Bxc1 Qc7 19. Bb2 Rc8 20. h3 Nfd7
21. Bd4 Nc4 22. Qc3 Bxd4 23. Qxd4 Nf6 24. f3 Nxa3 25. fxe4 Qc3 26. Nf3 Nc2
27. Qxc3 Rxc3 28. b5 a5 29. e5 dxe5 30. e4 Nxe4 31. Nxe5 Ng3 32. Bf3 Nxf1
33. d6 Kf8 34. Bxb7 Rc5 35. Nd7+ Ke8 36. Nxc5 1-0

[Event "38th Olympiad"]
[Site "Dresden GER"]
[Date "2008.11.22"]
[Round "9"]
[White "Hernandez,Ju HON"]
[Black "Uesugi,S"]
[Result "1/2-1/2"]
[WhiteElo "2015"]
[BlackElo "2222"]
[EventDate "2008.11.13"]

1. d4 Nf6 2. c4 g6 3. Nc3 d5 4. Bg5 Ne4 5. Bf4 Nxc3 6. bxc3 Bg7 7. e3 O-O
8. Nf3 c5 9. Bd3 dxc4 10. Bxc4 Nc6 11. O-O Bf5 12. Qe2 Rc8 13. Rac1 cxd4
14. cxd4 Be4 15. Ng5 Bd5 16. Bxd5 Qxd5 17. Qc4 Qf5 18. Nf3 Rfd8 19. Qa4 Qd7
20. Rfd1 Qf5 21. Bg3 Rd5 22. Qb3 Rb5 23. Qc2 Rd8 24. Qxf5 gxf5 25. Rb1 Rdd5
26. h3 Bf6 27. Rdc1 Kg7 28. a4 Rxb1 29. Rxb1 b6 30. Rb5 e6 31. Kf1 Kf8 32.
Ke2 Rd8 33. Rb1 Rd5 34. Rb5 1/2-1/2

[Event "38th Olympiad"]
[Site "Dresden GER"]
[Date "2008.11.22"]
[Round "9"]
[White "Sano,T"]
[Black "Huguet,S"]
[Result "1-0"]
[WhiteElo "2111"]
[BlackElo "2109"]
[EventDate "2008.11.13"]

1. e4 d5 2. exd5 Qxd5 3. Nc3 Qa5 4. d4 Nf6 5. Nf3 Bf5 6. Bd2 c6 7. Bc4 e6
8. Nd5 Qd8 9. Nxf6+ Qxf6 10. Qe2 Bd6 11. O-O-O O-O 12. Bg5 Qg6 13. h4 Bg4
14. Qe3 Qh5 15. Rde1 h6 16. Bf4 Bxf4 17. Qxf4 Bxf3 18. gxf3 Nd7 19. Rhg1
Rfe8 20. Qg3 g6 21. f4 Rad8 22. Kb1 Kg7 23. Be2 Qf5 24. h5 Nf8 25. hxg6
Nxg6 26. Bd3 Qf6 27. c3 Rg8 28. Qh3 Qxf4 29. Bxg6 fxg6 30. Rxe6 Kf7 31.
Rge1 Qg5 32. R6e5 Qf6 33. R1e3 Qd6 34. Qxh6 Rg7 35. Re7+ 1-0

[Event "38th Olympiad"]
[Site "Dresden GER"]
[Date "2008.11.22"]
[Round "9"]
[White "Corke,A"]
[Black "Paciencia,E"]
[Result "0-1"]
[WhiteElo "2301"]
[BlackElo "2440"]
[EventDate "2008.11.13"]

1. d4 c5 2. d5 g6 3. Nf3 d6 4. e4 Bg7 5. Bd3 Nf6 6. c4 O-O 7. Nc3 e6 8. h3
exd5 9. cxd5 b6 10. O-O Ba6 11. Re1 Bxd3 12. Qxd3 a6 13. a4 Nbd7 14. Bf4
Ne8 15. e5 dxe5 16. Nxe5 Nxe5 17. Bxe5 Bxe5 18. Rxe5 Nd6 19. Rae1 b5 20.
axb5 axb5 21. Qg3 b4 22. Ne4 Nxe4 23. R1xe4 Ra1+ 24. Kh2 Qd6 25. Rh4 Rd1
26. Rxh7 Rxd5 27. Rxd5 Qxd5 28. Rh4 Re8 29. b3 Kg7 30. Rc4 Re4 31. Rc1 c4
32. bxc4 Rxc4 33. Re1 Qc6 34. Qb8 Qc7+ 35. Qxc7 Rxc7 36. Rb1 Rc4 37. Kg3
Kf6 38. Kf3 Ke5 39. Ke3 Kd5 40. Kd3 Rc3+ 41. Kd2 Kc4 42. Re1 Kb3 43. Rb1+
Ka3 44. g3 Rc7 45. h4 b3 46. Ra1+ Kb2 47. Ra6 Rd7+ 48. Ke2 Kc2 49. Rc6+ Kb1
50. g4 b2 51. h5 gxh5 52. gxh5 Ra7 53. h6 Ka2 54. h7 b1=Q 0-1

[Event "38th Olympiad"]
[Site "Dresden GER"]
[Date "2008.11.22"]
[Round "9"]
[White "Goh Weiming"]
[Black "Tsang Hon Ki"]
[Result "1-0"]
[WhiteElo "2420"]
[BlackElo "2121"]
[EventDate "2008.11.13"]

1. e4 e5 2. Nf3 Nc6 3. Bb5 a6 4. Ba4 Nf6 5. O-O Be7 6. Qe2 b5 7. Bb3 O-O 8.
c3 d5 9. d3 Bg4 10. h3 Bxf3 11. Qxf3 dxe4 12. dxe4 Na5 13. Bc2 Qd7 14. Re1
Nc4 15. b3 Nd6 16. Nd2 g6 17. Nf1 Nh5 18. Bh6 Rfe8 19. Rad1 Qe6 20. Bc1 Bf8
21. Ne3 Nf6 22. c4 bxc4 23. bxc4 c6 24. Ba3 Red8 25. Bb2 Rab8 26. Ba1 Bg7
27. c5 Nb5 28. Bb3 Qe7 29. Nc4 Nd7 30. Qg3 Qxc5 31. Rc1 Qe7 32. Na5 Na7 33.
Nxc6 Nxc6 34. Rxc6 Nc5 35. Bd5 Rdc8 36. Rxc8+ Rxc8 37. Rc1 Rb8 38. Qa3 Bf8
39. Qc3 Re8 40. Qa5 Qd6 41. Qc3 Qf6 42. f4 Na4 43. Qd3 Nc5 44. Qe2 Qb6 45.
Qf2 Nd7 46. Qxb6 Nxb6 47. Bxe5 g5 48. Rd1 Bc5+ 49. Kh2 Be3 50. Bc6 Rc8 51.
fxg5 Bxg5 52. Bb7 Re8 53. Bg3 a5 54. h4 Be3 55. h5 Kg7 56. Rd3 Bg5 57. Rd6
Nc4 58. Rd7 Ne5 59. Rc7 Kh6 60. Bd5 Kxh5 61. Rxf7 Kg6 62. Ra7 Bd2 63. Ra6+
Kg5 64. Ra7 Ng4+ 65. Kh3 Nf6 66. Bh4+ 1-0

[Event "38th Olympiad"]
[Site "Dresden GER"]
[Date "2008.11.22"]
[Round "9"]
[White "Chan Yi Ren,D"]
[Black "Lam Mingo Kwok Wai"]
[Result "1-0"]
[WhiteElo "2260"]
[BlackElo "1665"]
[EventDate "2008.11.13"]

1. e4 c5 2. Nf3 g6 3. d4 Bg7 4. Nc3 Qa5 5. Be2 Nc6 6. d5 Nd4 7. O-O Nxe2+
8. Qxe2 d6 9. e5 dxe5 10. Nxe5 Nf6 11. Nc4 Qd8 12. Bf4 O-O 13. Rad1 Bg4 14.
f3 Bd7 15. a4 Ne8 16. Be5 a6 17. Bxg7 Nxg7 18. d6 Be6 19. Nd5 exd6 20. Nxd6
Bxd5 21. Rxd5 Qc7 22. Rfd1 Ne6 23. Qe3 b6 24. Qh6 Qe7 25. Ne4 Nd4 26. c3 f5
27. Ng5 Qe3+ 28. Kh1 Ra7 29. cxd4 Qb3 30. dxc5 bxc5 31. Rd8 1-0